000 00983cam a22002771 4500
001 10693
003 BD-RjUL
005 20211208235011.0
008 161210s1965 ne a b 001 0 eng
035 _a(BD-RjUL) 10741
040 _aDLC/ICU
_cICU
_dDLC
_dBD-RjUL
_beng
041 _aeng
082 0 0 _a547.611
_223
_bNOE 1965
100 1 _aNorman, R. O. C.
_q(Richard Oswald Chandler)
_933061
245 1 0 _aElectrophilic substitution in benzenoid compounds /
_cby R.O.C. Norman [and] R. Taylor.
260 _aAmsterdam ;
_aNew York z :
_bElsevier Pub. Co.,
_c1965.
300 _aix, 343 p. :
_billus. ;
_c22 cm.
490 1 _aReaction mechanisms in organic chemistry,
_vmonograph 3
504 _aIncludes bibliographical reference and index.
650 0 _aBenzene.
_933062
700 1 _aTaylor, R.
_q(Roger),
_ejoint author.
_933064
830 0 _vmonograph 3.
_9171001
830 0 _aReaction mechanisms in organic chemistry ;
_9171002
942 _2ddc
_cBK
999 _c10693
_d10693